000 00575 a2200181 4500
999 _c10194
_d10194
020 _a9781509823437
050 _aPR619.3 GRE 2017
100 _aGrenville, Kate
_d1950-
_eauthor
245 _aThe idea of perfection /
_cKate Grenville.
264 _aLondon :
_bPicador,
_c 2017
300 _a1 volume ; 20 cm, 401pages
440 _aPicador classic, 59
500 _alncludes index
650 _aNew South Wales -- Social life and customs -- 20th century -- Fiction.
650 _a Manners and customs.
650 _a New South Wales.
942 _2lcc
_cBK
_h619.3
_iGRE
_kPR